000 01607cam a22004574i 4500
003 PE-LiUPU
005 20250731184543.0
008 150623s r 000 0 d
020 _a0139220224
035 _a(Sirsi) i9780139220227
040 _aPE-LiUPU
_bspa
_cPE-LiUPU
_erda
049 _aPRUA
082 0 4 _a940.53
_bW26
_221
245 0 0 _aWWII :
_btime-life books history of the second world war /
_cEric Sevareid ed.
264 1 _aNew York, NY :
_bPrentice Hall Press,
_c1989.
300 _a496 páginas :
_bilustraciones fotos, gráficos mapas ;
_c31 centímetros
336 _atext
_2rdacontent
337 _aunmediated
_2rdamedia
338 _avolume
_2rdacarrier
505 0 _aThe years between the wars. A time of calamity and courage. Turning of the tide. On the crest of victory. Triumph and aftermath. Picture essays.
526 _aP136
526 _aP135
526 _aP134
526 _aP133
526 _aP144
526 _aP143
526 _aP87
526 _aP35
526 _aP20
526 _aP14
526 _aP10
526 _aP06
650 0 4 _aGuerra mundial
_y1939-1945.
700 1 _aSevareid, Eric,
_eed.
942 _2ddc
_cBOOK
949 _a940.53 W26
_wDEWEY
_c1
_i52006
_lCCODEBUL1
_mBUL
_p30.00
_r0
_sY
_tBOOK
_u2015-6-24
_xTEOLOGIA
_zUNKNOWN
_0COMPRA
_o.STAFF. Colección General
994 _aC0
_bPEPRU
596 _a1
999 _a940.53 W26
_wDEWEY
_c33812
_i52006
_f2021-11-8
_g5
_lCCODEBUL1
_mBUL
_p30.00
_r0
_sY
_tBOOK
_u2015-6-24
_xBIBLIOTECA
_zUNKNOWN
_0COMPRA
_o.STAFF. Colección General
_d33812
980 _81
_gALBERTO SANCHEZ Responsable de Automatización